A History of the catholic church in Belize
Uloženo v:
| Hlavní autor: | |
|---|---|
| Médium: | Text |
| Vydáno: |
Belize:
Institute for Social Research and Action
|
| Tagy: |
Přidat tag
Žádné tagy, Buďte první, kdo vytvoří štítek k tomuto záznamu!
|
MARC
| LEADER | 00000 a a2200000 04500 | ||
|---|---|---|---|
| 001 | 20400 | ||
| 003 | |||
| 040 | |||
| 090 | |a 085200 | ||
| 100 | |a Buhler, Richard | ||
| 245 | |a A History of the catholic church in Belize | ||
| 260 | |a Belize: |b Institute for Social Research and Action | ||
| 300 | |a 96 p. | ||
| 999 | |c 2668 |d 2668 | ||
